000 00319nam a22001337a 4500
020 _a978-93-272-8405-8
041 _aENG
100 _aJ. Sehgal
245 _aA Textbook Of Pedology Conepts and Applications
260 _aNew Delhi
_bKalyani Publishers
_c2018
300 _a502
650 _aEnglish
856 _uEngilsh
999 _c86
_d86